000 00729cam a2200157K 4500
082 _a915
_bETH
100 1 _aEtherton, P. T.
_950595
245 1 0 _aAcross the roof of the world
_ba record of sport and travel through Kashmir, Gilgit, Hunza, the Pamirs, Chinese Turkistan, Mongolia and Siberia.
_cBy Lieut. P.T. Etherton ... With map and illustrations.
260 _aLondon,
_bConstable and Co.,
_c1911.
300 _a1 online resource (3 p. l., [ix]-xvi, 437), :
_b[1] p. incl. illus., pl. front. (port.) col. fold. map.
526 _a0
_b0
_c0
_d915_000000000000000_ETH
650 0 _aHunting
_zAsia, Central.
_950596
650 0 _aMCE
_9379
856 4 0 _uhttp://catalog.hathitrust.org/api/volumes/oclc/4137585.html
942 _2ddc
_cBK
999 _c553338
_d553338